000 00888cam a2200241 4500
001 WB3542-17
008 000000n1999 000 0 eng u
035 _a(Sirsi) u100929
245 _aRegions present plans
260 _c1999
490 _aFinancial Times
_v26 October 1999, 2&8(3)
520 _aDiscusses the strategies which the English Regional Development Agencies submit to Government this week. When they present their strategies, which cover the next 10 years, the RDA chairmen will call for the reintroduction of Enterprise Zones, and ask for more freedom over allocation of funding.
590 _aWB
650 _aREGIONAL DEVELOPMENT AGENCIES
650 _aENTERPRISE ZONES
650 _aREGIONS
650 _aNORTH SOUTH DIVIDE
650 _aREGENERATION
650 _aTAX INCENTIVES
650 _aSTRATEGIES
690 _aECONOMIC AND SOCIAL
942 _n0
999 _c60255
_d60255